Adivinhe times: Amazonense 2025 - Statistics

Estatísticas Gerais
  • Esse quiz foi jogado 19 vezes
  • A pontuação média é 6 de 8
Estatísticas das Respostas
Imagem Resposta % Correto
Amazonas
100%
Manaus
100%
Nacional
89%
São Raimundo
83%
Princesa
78%
Manauara
67%
Parintins
44%
Sete
33%
Nenhum quiz correspondente encontrado
Distribuição das Pontuações
Porcentagem de Pessoas com Cada Pontuação
Percentil de Números Respondidos
Sua Pontuação Histórica
Você não jogou esse quiz